000 00462nam a2200169Ia 4500
008 090124s9999 xx 000 0 und d
082 _b118442
100 _aजोगळेकर योगिनी
245 _a शर्यत
250 _a0
300 _a188
600 _aजोगळेकर योगिनी
630 _a शर्यत
700 _aजोगळेकर योगिनी
730 _a शर्यत
942 _cBOOK
999 _c164528
_d164528